00510nam a2200205Ia 4500008004100000020001800041041001400059082000600073082001100079100001800090100001100108245005000119250001200169260001300181260003600194260000900230300001500239365002500254650002500279150901s9999 xx 000 0 und d a9789380512020 aMalayalam a1 bZIN/AM aZinn Howard  eAuthor aAmerican aikyanadukalude janakeeya charithram a1st Ed. aThrissur bKerala sasthrasahithya parishad c2011 a257 Pages aRS.175/-  aJanakeeya charithram